Renewing business tenancies (Record no. 102426)
[ view plain ]
| 000 -LEADER | |
|---|---|
| fixed length control field | 01166cam a2200265 4500 |
| 001 - CONTROL NUMBER | |
| control field | L119880 |
| 008 - FIXED-LENGTH DATA ELEMENTS--GENERAL INFORMATION | |
| fixed length control field | 000000n2005 000 0 eng u |
| 020 ## - INTERNATIONAL STANDARD BOOK NUMBER | |
| International Standard Book Number | 0853088438 |
| 035 ## - SYSTEM CONTROL NUMBER | |
| System control number | (Sirsi) u119880 |
| 041 ## - LANGUAGE CODE | |
| Language code of text/sound track or separate title | eng |
| 050 ## - LIBRARY OF CONGRESS CALL NUMBER | |
| Classification number | 346.4104343 |
| -- | 18 |
| 100 ## - MAIN ENTRY--PERSONAL NAME | |
| Personal name | Fife, Graham |
| 245 ## - TITLE STATEMENT | |
| Title | Renewing business tenancies |
| 250 ## - EDITION STATEMENT | |
| Edition statement | 3rd ed. |
| 260 ## - PUBLICATION, DISTRIBUTION, ETC. | |
| Place of publication, distribution, etc. | Bristol |
| Name of publisher, distributor, etc. | Jordans |
| Date of publication, distribution, etc. | 2005 |
| 300 ## - PHYSICAL DESCRIPTION | |
| Extent | xx, 186p. |
| Dimensions | 24cm. |
| 350 ## - PRICE (NR) (BK AM CF MU VM SE) [OBSOLETE] | |
| Price | 45 |
| 520 ## - SUMMARY, ETC. | |
| Summary, etc. | Substantially revised edition which takes into account the reforms brought in by the Regulatory Reform (Business Tenancies)(England and Wales) Order 2003. Explains the new law and procedure incorporating recent case law. Also includes information checklists, the Landlord and Tenant Act 1954 Part II (as amended by the Order) and useful tips for advisers to landlords and tenants. |
| 590 ## - LOCAL NOTE (RLIN) | |
| Local note | IKA150405 |
| 650 ## - SUBJECT ADDED ENTRY--TOPICAL TERM | |
| Topical term or geographic name entry element | REGULATORY REFORM (BUSINESS TENANCIES) (ENGLAND AND WALES) ORDER 2003 |
| 650 ## - SUBJECT ADDED ENTRY--TOPICAL TERM | |
| Topical term or geographic name entry element | LANDLORD AND TENANT ACT 1954 PART II |
| 690 ## - LOCAL SUBJECT ADDED ENTRY--TOPICAL TERM (OCLC, RLIN) | |
| Topical term or geographic name as entry element | PROPERTY-COMMERCIAL PROPERTY-LEASEHOLD COMMERCIAL PROPERTY-COMMERCIAL LANDLORD AND TENANT-BUSINESS TENANCIES |
| 700 ## - ADDED ENTRY--PERSONAL NAME | |
| Personal name | Hilditch, Brian |
| 942 ## - ADDED ENTRY ELEMENTS (KOHA) | |
| Suppress in OPAC | 0 |
| Withdrawn status | Lost status | Source of classification or shelving scheme | Damaged status | Not for loan | Home library | Current library | Shelving location | Date acquired | Cost, normal purchase price | Total Checkouts | Full call number | Barcode | Date last seen | Date last checked out | Copy number | Cost, replacement price | Price effective from | Koha item type |
|---|---|---|---|---|---|---|---|---|---|---|---|---|---|---|---|---|---|---|
| Dewey Decimal Classification | London | London | Basement | 08/04/2005 | 45.00 | 34 | RESERVE | 30063479 | 06/08/2019 | 28/01/2010 | 1 | 45.00 | 06/08/2019 | Book |